[Event "Gaudium Masters Final"]
[Site "Chess.com INT"]
[Date "2023.07.01"]
[Round "2.4"]
[White "Mekhitarian, Krikor Sevag"]
[Black "Supi, Luis Paulo"]
[Result "1-0"]
[WhiteElo "2537"]
[BlackElo "2582"]
[PlyCount "141"]
[EventDate "2023.06.30"]
[EventType "k.o. (blitz)"]
[EventRounds "3"]
[EventCountry "BRA"]
[SourceTitle "CBM 215 Extra"]
[Source "ChessBase"]
[SourceDate "2023.09.30"]
[SourceVersion "1"]
[SourceVersionDate "2023.09.30"]
[SourceQuality "1"]

1. d4 Nf6 2. c4 e6 3. Nf3 d5 4. Nc3 Nbd7 5. Bf4 Bb4 6. e3 Ne4 7. Nd2 g5 8. Bg3 Nxg3 9. hxg3 c6 10. Bd3 Nf6 11. a3 Bxc3 12. bxc3 Bd7 13. Nf3 Qa5 14. Qc2 h6 15. Rb1 0-0-0 16. Ne5 Be8 17. Qb2 Qc7 18. cxd5 exd5 19. c4 dxc4 20. Bxc4 h5 21. Qc2 Kb8 22. Qf5 Nd5 23. Bxd5 Qa5+ 24. Kf1 Qxd5 25. Qxg5 c5 26. Rh4 c4 27. Kg1 c3 28. Rc1 Rc8 29. Qf6 Rg8 30. e4 Qa2 31. Qd6+ Ka8 32. Qb4 Qd2 33. Rf1 f6 34. Nf3 Qb2 35. Rf4 Rg4 36. Rxf6 Rxe4 37. Rf8 a6 38. Kh2 Qxb4 39. axb4 c2 40. Rc1 Kb8 41. d5 Rxb4 42. Ne5 Rb1 43. Rxc2 Rxc2 44. Rxe8+ Ka7 45. d6 Rcc1 46. g4 h4 47. g3 Rh1+ 48. Kg2 h3+ 49. Kf3 Rhe1 50. d7 h2 51. Ra8+ Kb6 52. d8Q+ Kb5 53. Qd5+ Ka4 54. Qa2+ Kb5 55. Rh8 h1Q+ 56. Rxh1 Rxh1 57. Qc4+ Ka5 58. Nd3 b5 59. Qc7+ Ka4 60. Nc5+ Ka3 61. Nxa6 Ka4 62. Nc5+ Kb4 63. Nd3+ Ka4 64. Qc3 b4 65. Qc6+ Kb3 66. g5 Rhd1 67. Ke2 Rh1 68. g6 Rh6 69. Qd5+ Kc3 70. Qc5+ Kb3 71. Qxb4+ 1-0

[Event "Gaudium Masters Final"]
[Site "Chess.com INT"]
[Date "2023.07.01"]
[Round "2.6"]
[White "Mekhitarian, Krikor Sevag"]
[Black "Supi, Luis Paulo"]
[Result "1-0"]
[WhiteElo "2537"]
[BlackElo "2582"]
[PlyCount "83"]
[EventDate "2023.06.30"]
[EventType "k.o. (blitz)"]
[EventRounds "3"]
[EventCountry "BRA"]
[SourceTitle "CBM 215 Extra"]
[Source "ChessBase"]
[SourceDate "2023.09.30"]
[SourceVersion "1"]
[SourceVersionDate "2023.09.30"]
[SourceQuality "1"]

1. d4 Nf6 2. c4 g6 3. Nc3 Bg7 4. e4 d6 5. Be2 0-0 6. Be3 Nbd7 7. Nf3 e5 8. 0-0 Qe7 9. Qc2 c6 10. d5 c5 11. Bg5 h6 12. Bd2 Nh7 13. g3 Kh8 14. Nh4 Ndf6 15. Kh1 Bh3 16. Ng2 Ng8 17. Bd3 h5 18. f3 Bh6 19. Rf2 Bxd2 20. Qxd2 a6 21. Ne3 Bd7 22. a4 Kg7 23. Rg1 Nh6 24. f4 f5 25. Rgf1 h4 26. exf5 hxg3 27. hxg3 Nxf5 28. Bxf5 Bxf5 29. fxe5 Qxe5 30. Nxf5+ Rxf5 31. Rxf5 gxf5 32. Re1 Qf6 33. Re6 Qf7 34. Ne2 Qh5+ 35. Kg1 Ng5 36. Qc3+ Kg8 37. Nf4 Qg4 38. Rg6+ Kf8 39. Qf6+ Ke8 40. Rg8+ Kd7 41. Rg7+ Ke8 42. Qe7# 1-0

[Event "Gaudium Masters Final"]
[Site "Chess.com INT"]
[Date "2023.07.01"]
[Round "2.3"]
[White "Supi, Luis Paulo"]
[Black "Mekhitarian, Krikor Sevag"]
[Result "1/2-1/2"]
[WhiteElo "2582"]
[BlackElo "2537"]
[PlyCount "124"]
[EventDate "2023.06.30"]
[EventType "k.o. (blitz)"]
[EventRounds "3"]
[EventCountry "BRA"]
[SourceTitle "CBM 215 Extra"]
[Source "ChessBase"]
[SourceDate "2023.09.30"]
[SourceVersion "1"]
[SourceVersionDate "2023.09.30"]
[SourceQuality "1"]

1. e4 e6 2. d4 d5 3. exd5 exd5 4. Nf3 Nf6 5. Bd3 Bd6 6. 0-0 0-0 7. h3 Nc6 8. c3 Ne7 9. Bg5 Ng6 10. Nh4 Nf4 11. Nf5 Nxd3 12. Qxd3 h6 13. Bh4 Bxf5 14. Qxf5 Qd7 15. Qxd7 Nxd7 16. Nd2 Rfe8 17. Rfe1 c6 18. Kf1 f5 19. f3 Kf7 20. a4 b6 21. a5 b5 22. a6 Nb6 23. Bf2 Nc4 24. Rxe8 Rxe8 25. Nxc4 bxc4 26. Be1 Bf4 27. g3 Bd6 28. f4 g5 29. Bd2 Kg6 30. Kf2 Rb8 31. Re1 Kf6 32. fxg5+ hxg5 33. Bc1 Rb6 34. h4 gxh4 35. gxh4 f4 36. Kf3 Rxa6 37. Bxf4 Bxf4 38. Kxf4 Rb6 39. Re2 Rb8 40. h5 Rh8 41. Rh2 Rh6 42. Rh1 a5 43. Kg4 Rh8 44. h6 Kg6 45. h7 Rxh7 46. Rxh7 Kxh7 47. Kf5 Kh6 48. Ke6 Kg5 49. Kd6 Kf4 50. Kxc6 Ke4 51. Kc5 Kd3 52. Kxd5 a4 53. Kc5 Kc2 54. d5 Kxb2 55. d6 a3 56. d7 a2 57. d8Q a1Q 58. Qb8+ Kc2 59. Qh2+ Kb3 60. Qb8+ Kc2 61. Qh2+ Kb3 62. Qb8+ Kc2 1/2-1/2

[Event "Gaudium Masters Final"]
[Site "Chess.com INT"]
[Date "2023.07.01"]
[Round "2.5"]
[White "Supi, Luis Paulo"]
[Black "Mekhitarian, Krikor Sevag"]
[Result "0-1"]
[WhiteElo "2582"]
[BlackElo "2537"]
[PlyCount "130"]
[EventDate "2023.06.30"]
[EventType "k.o. (blitz)"]
[EventRounds "3"]
[EventCountry "BRA"]
[SourceTitle "CBM 215 Extra"]
[Source "ChessBase"]
[SourceDate "2023.09.30"]
[SourceVersion "1"]
[SourceVersionDate "2023.09.30"]
[SourceQuality "1"]

1. e4 e6 2. d4 d5 3. e5 c5 4. c3 Nc6 5. Nf3 Bd7 6. Be2 cxd4 7. cxd4 Nge7 8. Na3 Nf5 9. Nc2 Be7 10. 0-0 0-0 11. Bd3 f6 12. Bxf5 exf5 13. Bf4 g5 14. exf6 Bxf6 15. Bd6 Re8 16. Re1 Re4 17. Nb4 Be6 18. Bc5 Nxb4 19. Bxb4 Qb6 20. Bc3 f4 21. Qd2 Re8 22. Ne5 Bxe5 23. dxe5 Kf7 24. Qd3 Qc6 25. f3 Rxe1+ 26. Rxe1 Kg7 27. h4 gxh4 28. Qd2 Rf8 29. Qf2 h3 30. Qh4 hxg2 31. Re2 Qb6+ 32. Kxg2 Qd8 33. Qxd8 Rxd8 34. Bd4 a6 35. Rc2 Rc8 36. Rxc8 Bxc8 37. e6+ Kg6 38. Be5 Bxe6 39. Bxf4 d4 40. a3 Kf5 41. Bh6 Kg6 42. Bf8 h5 43. Be7 Kf5 44. Kf2 Bd5 45. Ke2 Bc4+ 46. Kf2 b5 47. Bd8 Ke6 48. Bb6 Kd5 49. Bd8 Bd3 50. Ke1 Bf5 51. Kd2 Kc4 52. Bf6 a5 53. Kc1 Kd3 54. Bd8 a4 55. Bg5 Be6 56. Bf6 Bd5 57. f4 Be6 58. Kd1 Ke4 59. Kd2 Bc4 60. Kd1 Be6 61. Kd2 Bf5 62. Kd1 Ke3 63. Bg5 d3 64. Ke1 Kf3 65. Kd2 Kg4 0-1

[Event "Gaudium Masters Final"]
[Site "Chess.com INT"]
[Date "2023.06.30"]
[Round "1.2"]
[White "Quintiliano Pinto, Renato Rodrigues"]
[Black "Supi, Luis Paulo"]
[Result "0-1"]
[WhiteElo "2509"]
[BlackElo "2582"]
[PlyCount "54"]
[EventDate "2023.06.30"]
[EventType "k.o. (blitz)"]
[EventRounds "3"]
[EventCountry "BRA"]
[SourceTitle "CBM 215 Extra"]
[Source "ChessBase"]
[SourceDate "2023.09.30"]
[SourceVersion "1"]
[SourceVersionDate "2023.09.30"]
[SourceQuality "1"]

1. d4 Nf6 2. c4 e6 3. Nf3 h6 4. g3 Bb4+ 5. Bd2 Be7 6. Bg2 0-0 7. 0-0 d5 8. b3 b6 9. Bc3 Bb7 10. Nbd2 c5 11. cxd5 exd5 12. Rc1 Na6 13. Ne5 Rc8 14. e3 Re8 15. Bb2 Nc7 16. Ndf3 Ne6 17. Re1 Ne4 18. Nd2 cxd4 19. Nxe4 Rxc1 20. Qxc1 dxe4 21. exd4 Ng5 22. Nc6 Qd7 23. Ne5 Qe6 24. Qc7 Bd5 25. h4 Nh3+ 26. Bxh3 Qxh3 27. Nc4 e3 0-1

[Event "Gaudium Masters Final"]
[Site "Chess.com INT"]
[Date "2023.06.30"]
[Round "1.1"]
[White "Supi, Luis Paulo"]
[Black "Quintiliano Pinto, Renato Rodrigues"]
[Result "1-0"]
[WhiteElo "2582"]
[BlackElo "2509"]
[PlyCount "87"]
[EventDate "2023.06.30"]
[EventType "k.o. (blitz)"]
[EventRounds "3"]
[EventCountry "BRA"]
[SourceTitle "CBM 215 Extra"]
[Source "ChessBase"]
[SourceDate "2023.09.30"]
[SourceVersion "1"]
[SourceVersionDate "2023.09.30"]
[SourceQuality "1"]

1. e4 c5 2. Nc3 Nc6 3. Nf3 e5 4. Bc4 d6 5. d3 Be7 6. h3 Nf6 7. Nh2 a6 8. Ng4 Be6 9. a4 0-0 10. Nxf6+ Bxf6 11. 0-0 Nb4 12. Bd2 Rb8 13. a5 Qd7 14. Na4 Bd8 15. f4 exf4 16. Bxf4 Rc8 17. c3 Nc6 18. Nb6 Bxb6 19. axb6 d5 20. exd5 Bxd5 21. Qh5 Ne7 22. Rae1 Bxc4 23. dxc4 Ng6 24. Bc7 Qd2 25. Qd5 Qxb2 26. Re3 Qb3 27. Ref3 Kh8 28. h4 Nxh4 29. Rxf7 Rxf7 30. Qxf7 Ng6 31. Qd5 Qxc3 32. Qxb7 Re8 33. Qd5 Qe3+ 34. Kh1 Qe2 35. Qf3 Qxc4 36. b7 Qh4+ 37. Kg1 Qb4 38. Qc6 Qd4+ 39. Kh1 Qh4+ 40. Kg1 Qd4+ 41. Kh1 Qh4+ 42. Bh2 Rg8 43. Qc7 Qc4 44. Rg1 1-0

[Event "Gaudium Masters-A"]
[Site "Chess.com INT"]
[Date "2023.06.29"]
[Round "4"]
[White "Filgueiras, Nathan Felipe"]
[Black "Supi, Luis Paulo"]
[Result "0-1"]
[WhiteElo "2323"]
[BlackElo "2582"]
[PlyCount "52"]
[EventDate "2023.06.29"]
[EventType "tourn (blitz)"]
[EventRounds "10"]
[EventCountry "BRA"]
[EventCategory "8"]
[SourceTitle "CBM 215 Extra"]
[Source "ChessBase"]
[SourceDate "2023.09.30"]
[SourceVersion "1"]
[SourceVersionDate "2023.09.30"]
[SourceQuality "1"]

1. e4 e5 2. Nf3 Nc6 3. Bc4 Nf6 4. d3 Bc5 5. 0-0 0-0 6. Nbd2 d6 7. c3 a5 8. Bb3 Ba7 9. h3 Ne7 10. Re1 Ng6 11. Nf1 c6 12. d4 exd4 13. cxd4 d5 14. e5 Ne4 15. Bc2 f5 16. exf6 Qxf6 17. Bxe4 dxe4 18. Rxe4 Bxh3 19. gxh3 Qxf3 20. Qxf3 Rxf3 21. Kg2 Rd3 22. Be3 Rd8 23. Re1 Kf7 24. Ng3 Bxd4 25. Bxd4 R3xd4 26. Rf4+ Nxf4+ 0-1

[Event "Gaudium Masters-A"]
[Site "Chess.com INT"]
[Date "2023.06.29"]
[Round "7"]
[White "Mekhitarian, Krikor Sevag"]
[Black "Supi, Luis Paulo"]
[Result "0-1"]
[WhiteElo "2537"]
[BlackElo "2582"]
[PlyCount "120"]
[EventDate "2023.06.29"]
[EventType "tourn (blitz)"]
[EventRounds "10"]
[EventCountry "BRA"]
[EventCategory "8"]
[SourceTitle "CBM 215 Extra"]
[Source "ChessBase"]
[SourceDate "2023.09.30"]
[SourceVersion "1"]
[SourceVersionDate "2023.09.30"]
[SourceQuality "1"]

1. Nf3 d5 2. c4 e6 3. d4 Nf6 4. cxd5 exd5 5. Nc3 c6 6. Bf4 Be7 7. e3 Nh5 8. Be5 Nd7 9. Bd3 0-0 10. Qc2 g6 11. 0-0-0 a5 12. h4 Ndf6 13. Kb1 a4 14. Bxf6 Nxf6 15. Ne5 a3 16. b3 c5 17. dxc5 Qc7 18. f4 Qxc5 19. h5 gxh5 20. g4 Bd6 21. g5 Bxe5 22. fxe5 Ng4 23. Rxh5 Be6 24. Rxh7 Rfc8 25. g6 Qxc3 26. gxf7+ Bxf7 27. Qxc3 Rxc3 28. Rh4 Nxe5 29. Rg1+ Kf8 30. Rh8+ Ke7 31. Rxa8 Nxd3 32. Rxa3 Be6 33. Ra7 Bf5 34. Rxb7+ Kf6 35. Ka1 Nc5 36. Rb6+ Ke5 37. Kb2 Rxe3 38. Rd1 Nd3+ 39. Ka3 Be4 40. Rb8 Re2 41. b4 Nb2 42. Rc1 Nc4+ 43. Kb3 Rb2+ 44. Kc3 Rxa2 45. Re8+ Kf4 46. Kd4 Rd2+ 47. Kc5 Nb2 48. Rf1+ Ke3 49. b5 Nd3+ 50. Kd6 Rb2 51. Rb8 Ke2 52. Rg1 Kf2 53. Ra1 d4 54. Ra4 Ke3 55. b6 Nf4 56. Kc7 Nd5+ 57. Kd6 Nxb6 58. Ra3+ d3 59. Ke6 Nc4 60. Rh8 Nxa3 0-1

[Event "American Continental 17th"]
[Site "Juan Dolio"]
[Date "2023.05.22"]
[Round "10"]
[White "Supi, Luis Paulo"]
[Black "Marin, Sebastian"]
[Result "1-0"]
[WhiteElo "2603"]
[BlackElo "2258"]
[PlyCount "105"]
[EventDate "2023.05.15"]
[EventType "swiss"]
[EventRounds "11"]
[EventCountry "DOM"]
[SourceTitle "CBM 214 Extra"]
[Source "ChessBase"]
[SourceDate "2023.07.31"]
[SourceVersion "1"]
[SourceVersionDate "2023.07.31"]
[SourceQuality "1"]

1. c4 e5 2. Nc3 Nf6 3. Nf3 Nc6 4. a3 g6 5. d3 Bg7 6. g3 d5 7. cxd5 Nxd5 8. Bg5 Nf6 9. Bg2 h6 10. Be3 0-0 11. 0-0 Be6 12. Rc1 Nd7 13. b4 a5 14. b5 Nd4 15. Nd2 Nc5 16. Bxd4 Qxd4 17. Nce4 Nxe4 18. Nxe4 Qb6 19. Nc5 Bc8 20. a4 c6 21. bxc6 bxc6 22. Qc2 Ra7 23. Rb1 Qc7 24. Rb3 Rd8 25. Rfb1 Bf8 26. Rb6 Bd7 27. Nxd7 Qxd7 28. Rxc6 Bb4 29. Rc1 Kg7 30. h4 h5 31. Qb2 Qd4 32. Qb3 Re7 33. Bf3 Rd6 34. R6c4 Qb6 35. Qc2 Rf6 36. Kg2 Rd6 37. Rc8 Qd4 38. Rc4 Qb6 39. Qa2 Qd8 40. Rc8 Qb6 41. R8c4 Rf6 42. Qa1 Rd6 43. R1c2 Rf6 44. Qc1 Rd6 45. Rc8 Qd4 46. R2c4 Qb6 47. Kf1 Ree6 48. Qg5 Rd7 49. R4c6 Rxc6 50. Rxc6 Qb8 51. Bxh5 Be7 52. Rxg6+ fxg6 53. Qxg6+ 1-0

[Event "American Continental 17th"]
[Site "Juan Dolio"]
[Date "2023.05.19"]
[Round "7"]
[White "Supi, Luis Paulo"]
[Black "Ghazarian, Kirk Vagho"]
[Result "1/2-1/2"]
[WhiteElo "2603"]
[BlackElo "2475"]
[PlyCount "142"]
[EventDate "2023.05.15"]
[EventType "swiss"]
[EventRounds "11"]
[EventCountry "DOM"]
[SourceTitle "CBM 214 Extra"]
[Source "ChessBase"]
[SourceDate "2023.07.31"]
[SourceVersion "1"]
[SourceVersionDate "2023.07.31"]
[SourceQuality "1"]

1. c4 Nf6 2. g3 e5 3. Bg2 d5 4. cxd5 Nxd5 5. Nc3 Nb6 6. Nf3 Nc6 7. 0-0 Be7 8. b3 0-0 9. Bb2 f6 10. Rc1 Bg4 11. Ne4 Qd7 12. d3 Rad8 13. Qc2 Bh3 14. Bxh3 Qxh3 15. b4 a6 16. Qb3+ Kh8 17. Nc5 Bxc5 18. Rxc5 Qg4 19. a3 e4 20. dxe4 Qxe4 21. Re1 Rd7 22. h4 Re8 23. h5 h6 24. Nh4 Qe6 25. Qc2 Qe4 26. Ng6+ Kg8 27. Nf4 Qxc2 28. Rxc2 Na4 29. Ba1 Na7 30. Kg2 Nb5 31. e4 Kf7 32. e5 fxe5 33. Ng6 Rd5 34. Nxe5+ Kg8 35. f4 c6 36. Kh3 Nb6 37. Rce2 Kh7 38. Kg4 Nd4 39. Bxd4 Rxd4 40. Kh3 Nd7 41. Nxd7 Rxe2 42. Nf6+ gxf6 43. Rxe2 Rd7 44. Kg4 Kg7 45. Re8 Kf7 46. Rh8 Kg7 47. Rb8 Kf7 48. Rh8 Kg7 49. Rc8 Kf7 50. a4 Kg7 51. Rb8 Kf7 52. Rh8 Kg7 53. Rb8 Kf7 54. Rc8 Kg7 55. b5 cxb5 56. axb5 axb5 57. Rc5 b4 58. Rb5 Rc7 59. Rxb4 Kf7 60. Rb6 Rd7 61. Kf5 Rd5+ 62. Ke4 Rxh5 63. Rxb7+ Kg6 64. g4 f5+ 65. gxf5+ Rxf5 66. Rb6+ Rf6 67. Rxf6+ Kxf6 68. Kf3 Kf5 69. Kg3 h5 70. Kh4 Kxf4 71. Kxh5 Ke5 1/2-1/2

[Event "PRO League Prelim"]
[Site "Chess.com INT"]
[Date "2023.03.09"]
[Round "4.5"]
[White "Lagno, Kateryna"]
[Black "Supi, Luis Paulo"]
[Result "0-1"]
[WhiteElo "2560"]
[BlackElo "2608"]
[PlyCount "70"]
[EventDate "2023.02.14"]
[EventType "team-swiss (rapid)"]
[EventRounds "5"]
[EventCountry "USA"]
[SourceTitle "CBM 213 Extra"]
[Source "ChessBase"]
[SourceDate "2023.05.31"]
[SourceVersion "1"]
[SourceVersionDate "2023.05.31"]
[SourceQuality "1"]
[WhiteTeam "Blitz"]
[BlackTeam "Brazil Capybaras"]
[WhiteTeamCountry "FRA"]
[BlackTeamCountry "BRA"]

1. e4 e5 2. Nf3 Nc6 3. Bb5 a6 4. Ba4 Nf6 5. 0-0 Be7 6. Re1 b5 7. Bb3 d6 8. c3 0-0 9. h3 h6 10. d4 Bd7 11. Nbd2 a5 12. Nf1 a4 13. Bc2 Re8 14. Ng3 Bf8 15. Bd3 Na5 16. b4 axb3 17. axb3 c5 18. d5 c4 19. bxc4 Nxc4 20. Rxa8 Qxa8 21. Nd2 Rc8 22. Nxc4 bxc4 23. Bf1 Be7 24. Qf3 Nh7 25. Nf5 Bxf5 26. Qxf5 Bg5 27. Bxg5 Nxg5 28. h4 Nh7 29. Rb1 Nf6 30. Rb4 Rc7 31. g3 Kf8 32. Bxc4 Qa1+ 33. Bf1 Qxc3 34. Rb8+ Ke7 35. g4 g6 0-1

[Event "PRO League Prelim"]
[Site "Chess.com INT"]
[Date "2023.02.16"]
[Round "1.2"]
[White "Supi, Luis Paulo"]
[Black "Gadimbayli, Abdulla Azar"]
[Result "1/2-1/2"]
[WhiteElo "2608"]
[BlackElo "2507"]
[PlyCount "108"]
[EventDate "2023.02.14"]
[EventType "team-swiss (rapid)"]
[EventRounds "5"]
[EventCountry "USA"]
[SourceTitle "CBM 212 Extra"]
[Source "ChessBase"]
[SourceDate "2023.03.31"]
[SourceVersion "1"]
[SourceVersionDate "2023.03.31"]
[SourceQuality "1"]
[WhiteTeam "Brazil Capybaras"]
[BlackTeam "Indian Yogis"]
[WhiteTeamCountry "BRA"]
[BlackTeamCountry "IND"]

1. e4 e6 2. d4 d5 3. e5 c5 4. c3 Qb6 5. Nf3 Bd7 6. Be2 Bb5 7. Bxb5+ Qxb5 8. a4 Qd7 9. dxc5 Bxc5 10. Nbd2 Nc6 11. Nb3 Bb6 12. Bf4 a5 13. h4 Nge7 14. h5 h6 15. Qd2 Rd8 16. Rd1 d4 17. Nbxd4 Nxd4 18. Nxd4 Qxa4 19. 0-0 Bxd4 20. cxd4 0-0 21. Be3 Rd5 22. Ra1 Qb5 23. Ra3 Rfd8 24. Bxh6 gxh6 25. Qxh6 Nf5 26. Qf6 Qd7 27. g4 Qe7 28. gxf5 Qxf6 29. exf6 Rxf5 30. Rg3+ Kh8 31. Rc1 Rxf6 32. Rc7 Rxd4 33. Rxb7 Rd1+ 34. Kg2 Rd5 35. Rb8+ Kh7 36. Rgg8 Kh6 37. Rg3 Kh7 38. Rgg8 Kh6 39. Rh8+ Kg5 40. Rbg8+ Kh4 41. Rg3 Rg5 42. h6 Rxg3+ 43. fxg3+ Kh5 44. h7 Kh6 45. Ra8 Kxh7 46. Rxa5 Rg6 47. Kf3 Rg8 48. Rb5 Rc8 49. g4 Kg6 50. b4 Rc3+ 51. Ke4 Rc4+ 52. Kf3 Rc3+ 53. Ke4 Rc4+ 54. Kf3 Rc3+ 1/2-1/2

[Event "Tata Steel-B 85th"]
[Site "Wijk aan Zee"]
[Date "2023.01.29"]
[Round "13"]
[White "Supi, Luis Paulo"]
[Black "Mishra, Abhimanyu"]
[Result "1-0"]
[WhiteElo "2608"]
[BlackElo "2559"]
[PlyCount "147"]
[EventDate "2023.01.13"]
[EventType "tourn"]
[EventRounds "13"]
[EventCountry "NED"]
[EventCategory "14"]
[SourceTitle "CBM 212"]
[Source "ChessBase"]
[SourceDate "2023.02.28"]
[SourceVersion "1"]
[SourceVersionDate "2023.02.28"]
[SourceQuality "1"]

1. c4 c6 2. Nf3 d5 3. e3 Nf6 4. Nc3 e6 5. d4 Nbd7 6. Be2 Bd6 7. b3 0-0 8. Bb2 b6 9. 0-0 Bb7 10. Qc2 Qe7 11. Rfe1 Rfe8 12. Rad1 Rad8 13. h3 c5 14. cxd5 exd5 15. Ba1 h6 16. Qb2 Qe6 17. Bf1 Nf8 18. Bb5 Re7 19. Bd3 Bb8 20. dxc5 bxc5 21. b4 N8d7 22. bxc5 Nxc5 23. Bb1 Qb6 24. Nd4 Be5 25. Qa3 Rde8 26. Bc2 Bxd4 27. Rxd4 Ne6 28. Rb4 Qc5 29. Ba4 Rc8 30. Qb2 Bc6 31. Bxc6 Qxc6 32. Ne2 Rec7 33. Rb8 Qe8 34. Rxc8 Qxc8 35. Qb3 Qb7 36. Bxf6 Qxb3 37. axb3 gxf6 38. Rd1 Rb7 39. Rxd5 Rxb3 40. Ng3 Ra3 41. Nh5 a5 42. Nxf6+ Kf8 43. g4 a4 44. Ra5 Ra1+ 45. Kg2 a3 46. Nd5 Ng5 47. Ra8+ Kg7 48. Nc3 Ne6 49. Nb5 a2 50. Nc3 Rc1 51. Nxa2 Ra1 52. Ra5 Kh7 53. h4 Kg7 54. f4 Re1 55. Ra3 Ra1 56. Ra5 Re1 57. Ra3 Ra1 58. Kf3 Rh1 59. Kg3 Rg1+ 60. Kf3 Rh1 61. Ra5 Rh3+ 62. Kf2 Rxh4 63. Kg3 Rh1 64. Nc3 Rg1+ 65. Kf3 Rf1+ 66. Kg2 Rc1 67. Ne4 Rc6 68. Kf3 Nc7 69. Ng3 Ra6 70. Rh5 Rg6 71. Nf5+ Kh7 72. g5 f6 73. Nxh6 fxg5 74. Nf5+ 1-0

[Event "Tata Steel-B 85th"]
[Site "Wijk aan Zee"]
[Date "2023.01.27"]
[Round "11"]
[White "Supi, Luis Paulo"]
[Black "Roebers, Eline"]
[Result "1-0"]
[WhiteElo "2608"]
[BlackElo "2361"]
[PlyCount "55"]
[EventDate "2023.01.13"]
[EventType "tourn"]
[EventRounds "13"]
[EventCountry "NED"]
[EventCategory "14"]
[SourceTitle "CBM 212"]
[Source "ChessBase"]
[SourceDate "2023.02.28"]
[SourceVersion "1"]
[SourceVersionDate "2023.02.28"]
[SourceQuality "1"]

1. c4 e5 2. d3 Bb4+ 3. Nd2 c5 4. Ngf3 Nc6 5. g3 f5 6. Bg2 Nf6 7. 0-0 Ba5 8. a3 0-0 9. b4 Bc7 10. bxc5 Qe8 11. Bb2 b6 12. Nh4 f4 13. cxb6 axb6 14. e3 Kh8 15. exf4 exf4 16. Re1 Qf7 17. Ndf3 Ra5 18. Nd4 Nxd4 19. Bxd4 d5 20. cxd5 Nxd5 21. Rc1 Bb7 22. Qg4 Bd8 23. Nf5 Nf6 24. Nd6 Qg8 25. Bxf6 Bxg2 26. Bxd8 Rxd8 27. Nc4 h5 28. Qg6 1-0

[Event "Tata Steel-B 85th"]
[Site "Wijk aan Zee"]
[Date "2023.01.24"]
[Round "9"]
[White "Pechac, Jergus"]
[Black "Supi, Luis Paulo"]
[Result "1/2-1/2"]
[WhiteElo "2637"]
[BlackElo "2608"]
[PlyCount "75"]
[EventDate "2023.01.13"]
[EventType "tourn"]
[EventRounds "13"]
[EventCountry "NED"]
[EventCategory "14"]
[SourceTitle "CBM 212"]
[Source "ChessBase"]
[SourceDate "2023.02.28"]
[SourceVersion "1"]
[SourceVersionDate "2023.02.28"]
[SourceQuality "1"]

1. d4 d5 2. c4 e6 3. Nc3 Be7 4. Bf4 Nf6 5. e3 0-0 6. a3 b6 7. cxd5 exd5 8. Bd3 c5 9. Nge2 Bb7 10. Qc2 Nc6 11. dxc5 bxc5 12. 0-0 g6 13. Rfd1 Qc8 14. Ng3 Rd8 15. Bf1 Qe6 16. Na4 c4 17. b3 Na5 18. bxc4 Nxc4 19. Qb3 Rd7 20. Nb2 Rc8 21. Ne2 Nh5 22. Nd4 Qf6 23. Qb5 Nb6 24. Nd3 Nxf4 25. Nxf4 Bd6 26. g3 Rdc7 27. Bh3 Rc5 28. Qb3 Rb8 29. a4 Ba6 30. Rab1 Bc4 31. Qb4 Qd8 32. Qb2 Be5 33. Qa3 Bd6 34. Qa1 Be5 35. Qa3 Bd6 36. Qa1 Be5 37. Qa3 Bd6 38. Qa1 1/2-1/2

[Event "Tata Steel-B 85th"]
[Site "Wijk aan Zee"]
[Date "2023.01.16"]
[Round "3"]
[White "Tabatabaei, Mohammad Amin"]
[Black "Supi, Luis Paulo"]
[Result "1/2-1/2"]
[WhiteElo "2686"]
[BlackElo "2608"]
[PlyCount "97"]
[EventDate "2023.01.13"]
[EventType "tourn"]
[EventRounds "13"]
[EventCountry "NED"]
[EventCategory "14"]
[SourceTitle "CBM 212"]
[Source "ChessBase"]
[SourceDate "2023.02.28"]
[SourceVersion "1"]
[SourceVersionDate "2023.02.28"]
[SourceQuality "1"]

1. e4 c5 2. Nf3 d6 3. d4 cxd4 4. Nxd4 Nf6 5. Nc3 a6 6. Qd3 Nbd7 7. Be2 e6 8. a4 b6 9. 0-0 Bb7 10. Qg3 Nxe4 11. Nxe4 Bxe4 12. Re1 Nf6 13. a5 bxa5 14. Bd2 Be7 15. Bxa5 Qd7 16. Bc3 0-0 17. Bd3 Bxd3 18. Qxd3 Qb7 19. Ra5 Nd5 20. Nf5 Nxc3 21. Nxe7+ Qxe7 22. Qxc3 h6 23. Qd3 Qb7 24. Qxd6 Qxb2 25. Rxa6 Rxa6 26. Qxa6 Qxc2 27. Qe2 Qc5 28. Qe3 Qe7 29. g3 Rd8 30. h4 Qb4 31. Kg2 Re8 32. Qe4 Qb5 33. Rb1 Qc5 34. Qf3 Qd6 35. Rb7 Rf8 36. Ra7 e5 37. Qb7 Qe6 38. Ra6 Qf5 39. Qf3 Qc2 40. Qd5 e4 41. Ra2 Qb1 42. Ra8 g6 43. Rxf8+ Kxf8 44. Qd8+ Kg7 45. Qd4+ Kh7 46. Qd5 Kg7 47. Qe5+ Kh7 48. Qd5 Kg7 49. Qe5+ 1/2-1/2

[Event "BRA-ch 88th"]
[Site "Recife"]
[Date "2022.12.18"]
[Round "5"]
[White "Supi, Luis Paulo"]
[Black "Di Berardino, Diego Rafael"]
[Result "0-1"]
[WhiteElo "2612"]
[BlackElo "2453"]
[PlyCount "94"]
[EventDate "2022.12.15"]
[EventType "swiss"]
[EventRounds "11"]
[EventCountry "BRA"]
[SourceTitle "CBM 212 Extra"]
[Source "ChessBase"]
[SourceDate "2023.03.31"]
[SourceVersion "1"]
[SourceVersionDate "2023.03.31"]
[SourceQuality "1"]

1. e4 e5 2. Nf3 Nc6 3. Bc4 Bc5 4. d3 Nf6 5. Nc3 h6 6. h3 d6 7. Na4 Bb6 8. c3 Be6 9. Bxe6 fxe6 10. 0-0 0-0 11. b4 Qe8 12. a3 Qf7 13. c4 Bd4 14. Ra2 a6 15. b5 axb5 16. cxb5 Nb8 17. Qb3 Nbd7 18. Rc2 Nb6 19. Nb2 Rfc8 20. Nxd4 exd4 21. Qb4 Nfd7 22. a4 Nc5 23. a5 Nbd7 24. f4 Qe7 25. Rf3 c6 26. b6 Re8 27. Rcf2 d5 28. e5 Na6 29. Qe1 Nb4 30. Rg3 Kh7 31. Bd2 c5 32. Qd1 Rf8 33. Na4 Nc6 34. Qe1 c4 35. dxc4 dxc4 36. Qe4+ Kh8 37. Kh2 c3 38. Nxc3 Nc5 39. Qc2 dxc3 40. Bxc3 Rad8 41. Rff3 Nd4 42. Bxd4 Rxd4 43. Rg4 Ne4 44. Qb2 Rfd8 45. f5 Qc5 46. fxe6 Qxe5+ 47. Rgf4 Ng5 0-1